header

The nurse mentor and reviewer update book (Record no. 87666)

MARC details
000 -LEADER
fixed length control field 01424nam a2200337 a 4500
245 04 - TITLE STATEMENT
Title The nurse mentor and reviewer update book
260 ## - PUBLICATION, DISTRIBUTION, ETC. (IMPRINT)
Place of publication Berkshire, England :
Name of publisher Open University Press,
Year of publication 2010.
300 ## - PHYSICAL DESCRIPTION
Number of Pages xii, 153 p. :
Other physical details ill.
505 0# - FORMATTED CONTENTS NOTE
Formatted contents note pt. 1. Mentorship, competence and placement provider responsibilities -- pt. 2. Mentorship updating through case studies -- pt. 3. Updating and sources of evidence.
650 #0 - SUBJECT ADDED ENTRY--TOPICAL TERM
Topical Term Mentoring in nursing.
Topical Term Nursing.
700 1# - ADDED ENTRY--PERSONAL NAME
Personal name Murray, Cyril.
Personal name Rosen, Lyn.
Personal name Staniland, Karen.
856 40 - ELECTRONIC LOCATION AND ACCESS
Uniform Resource Identifier http://site.ebrary.com/lib/rucke/Doc?id=10413327

No items available.

© 2026 Rongo University
Contact us: librarian | system librarian | Rongo university